An introduction to mathematical crystallography / (Record no. 10744)
[ view plain ]
| 000 -LEADER | |
|---|---|
| fixed length control field | 00877cam a22002651 4500 |
| 001 - CONTROL NUMBER | |
| control field | 10744 |
| 003 - CONTROL NUMBER IDENTIFIER | |
| rucl marc code | BD-RjUL |
| 005 - DATE AND TIME OF LATEST TRANSACTION | |
| control field | 20211208235017.0 |
| 008 - FIXED-LENGTH DATA ELEMENTS--GENERAL INFORMATION | |
| fixed length control field | 140125s1965 nyua b 000 0 eng |
| 035 ## - SYSTEM CONTROL NUMBER | |
| System control number | (BD-RjUL)10793 |
| 040 ## - CATALOGING SOURCE | |
| Original cataloging agency | DLC/ICU |
| Transcribing agency | ICU |
| Modifying agency | DLC |
| -- | BD-RjUL |
| Language of cataloging | eng |
| 041 ## - LANGUAGE CODE | |
| Language code of text/sound track or separate title | eng |
| 082 00 - DEWEY DECIMAL CLASSIFICATION NUMBER | |
| Classification number | 548 |
| Author mark and year | JAS 1965 |
| Edition number | 23 |
| 100 1# - MAIN ENTRY--PERSONAL NAME | |
| Personal name | Jaswon, M. A. |
| Fuller form of name | (Maurice Aaron) |
| 9 (RLIN) | 33229 |
| 245 13 - TITLE STATEMENT | |
| Title | An introduction to mathematical crystallography / |
| Statement of responsibility, etc. | M.A. Jaswon. |
| 260 ## - PUBLICATION, DISTRIBUTION, ETC. (IMPRINT) | |
| Place of publication, distribution, etc. | New York : |
| Name of publisher, distributor, etc. | American Elsevier Pub. Co., |
| Date of publication, distribution, etc. | c1965. |
| 300 ## - PHYSICAL DESCRIPTION | |
| Pagination | xi, 125 p. : |
| Illustrations | illus. ; |
| Size | 23 cm. |
| 490 1# - SERIES STATEMENT | |
| Series statement | Mathematical physics series |
| 504 ## - BIBLIOGRAPHY, ETC. NOTE | |
| Bibliography, etc | Bibliography: p. 124. |
| 650 #0 - SUBJECT ADDED ENTRY--TOPICAL TERM | |
| Topical term or geographic name as entry element | Crystallography, Mathematical. |
| 9 (RLIN) | 30813 |
| 830 #0 - SERIES ADDED ENTRY--UNIFORM TITLE | |
| Uniform title | Mathematical physics series (American Elsevier Publishing Company) |
| 942 ## - ADDED ENTRY ELEMENTS (KOHA) | |
| Source of classification or shelving scheme | Dewey Decimal Classification |
| Koha item type | Books |
| Lost status | Source of classification or shelving scheme | Damaged status | Not for loan | Permanent Location | Current Location | Shelving location | Date acquired | Source of acquisition | Cost, normal purchase price | Total Checkouts | Full call number | Date last seen | Copy number | Koha item type | Collection code |
|---|---|---|---|---|---|---|---|---|---|---|---|---|---|---|---|
| Dewey Decimal Classification | Central Library, University of Rajshahi | Central Library, University of Rajshahi | 13/11/1968 | Zeitlinger | 25.00 | 548 JAS 1965 | 25/01/2014 | C-2 | Books | ||||||
| Dewey Decimal Classification | Central Library, University of Rajshahi | Central Library, University of Rajshahi | 13/11/1968 | Zeitlinger | 25.00 | 548 JAS 1965 | 16/05/2017 | C-2 | Books | Non-fiction | |||||
| Dewey Decimal Classification | Central Library, University of Rajshahi | Central Library, University of Rajshahi | 13/11/1968 | Zeitlinger | 25.00 | 548 JAS 1965 | 16/05/2017 | C-3 | Books | Non-fiction | |||||
| Dewey Decimal Classification | Central Library, University of Rajshahi | Central Library, University of Rajshahi | 13/11/1968 | Zeitlinger | 25.00 | 548 JAS 1965 | 16/05/2017 | C-4 | Books | Non-fiction |